000 00202nam a22000977a 4500
082 _a894.812.3
_bHAN/D
100 _aHANEEF, NOORANADU
245 _aDHRUVASANGAMAM
650 _aMALAYALAM STORY
942 _cBK
999 _c7719
_d7719